000 00573nam a2200193 a 4500
008
049 _aMAIN
090 _aHG8897
_bINS
110 0 _aThe Insurance Institute of South Africa
245 1 0 _aLife assurance II :
_bsubject 2500
260 _aSouth Africa :
_bThe Insurance Institute of South Africa,
_c1997
300 _a[Various pagination] ;
_c30 cm.
650 1 _aLife assurances
907 _a.b10167584
_b23-03-22
_c12-07-05
003
005 20230120193600.0
040 _cNUST
942 _cBOOKS
_kHG8897
_mINS
999 _c101688
_d101688